Valoración: medición y gestión del valor
Uloženo v:
| Hlavní autoři: | , , |
|---|---|
| Médium: | Kniha |
| Jazyk: | španělština |
| Vydáno: |
Barcelona
Deusto
2004
|
| Témata: | |
| Tagy: |
Přidat tag
Žádné tagy, Buďte první, kdo vytvoří štítek k tomuto záznamu!
|
MARC
| LEADER | 00000nam a2200000 a 4500 | ||
|---|---|---|---|
| 001 | UCG3039 | ||
| 003 | CL-VaPUC | ||
| 008 | 100805e20040000SP |||||||||||||||||spa|d | ||
| 020 | |a 8423418596 | ||
| 082 | 0 | 4 | |a 658.15 |b COP |2 21 |
| 100 | 0 | |a Copeland, Thomas E |e author |9 551817 | |
| 700 | 0 | |a Koller, Tim |e author |9 551818 | |
| 700 | 0 | |a Murrin, Jack |e author |9 551819 | |
| 245 | 1 | 0 | |a Valoración: medición y gestión del valor |
| 300 | |a 565 p | ||
| 942 | |c BK | ||
| 945 | |d 20100805 00:00:00 |a mfarfan | ||
| 260 | |a Barcelona |b Deusto |c 2004 | ||
| 650 | 0 | |a Administración financiera |9 261146 | |
| 650 | 0 | |a Producción |x Planificación |9 260672 | |
| 650 | 0 | |a Control presupuestario |9 345693 | |
| 650 | 0 | |a Costos |9 261063 | |
| 583 | |a last modification |c 20100805 00:00:00 |k Rodrigo Vera | ||
| 999 | |c 342138 |d 342136 | ||
| 952 | |0 0 |1 0 |2 ddc |4 0 |6 658_150000000000000_COP_2004 |7 0 |8 A |9 438138 |a BIBGIM |b BIBGIM |d 2019-11-22 |i 4703421 |l 3 |o 658.15 COP 2004 |p 4703421 |r 2025-01-15 |s 2023-06-16 |w 2019-11-22 |y BK |k COM | ||